Москва Жерара Делабарта (Запись № 11744053)

Подробности
000 -МАРКЕР
контрольное поле 02013nam0a2200373 i 4500
001 - ИДЕНТИФИКАТОР ЗАПИСИ
контрольное поле RU\NLR\BIBL_A\011166375
005 - ИДЕНТИФИКАТОР ВЕРСИИ
контрольное поле 20241105192119.0
010 ## - МЕЖДУНАРОДНЫЙ СТАНДАРТНЫЙ НОМЕР КНИГИ (ISBN)
Номер (ISBN) 9785980511234
Тираж 500
035 ## - ДРУГИЕ СИСТЕМНЫЕ НОМЕРА
Идентификатор записи (NLR Aleph) 011166375
100 ## - ДАННЫЕ ОБЩЕЙ ОБРАБОТКИ
Данные общей обработки 20160627d2013 u y0rusy50 ca
101 0# - ЯЗЫК РЕСУРСА
Язык текста, звукозаписи и т.д. русский
102 ## - СТРАНА ПУБЛИКАЦИИ ИЛИ ПРОИЗВОДСТВА
Страна публикации российская федерация
105 ## - ПОЛЕ КОДИРОВАННЫХ ДАННЫХ: ТЕКСТОВЫЕ МАТЕРИАЛЫ, МОНОГРАФИЧЕСКИЕ
Кодированные данные о монографическом текстовом документе ach z 001zd
200 1# - ЗАГЛАВИЕ И СВЕДЕНИЯ ОБ ОТВЕТСТВЕННОСТИ
Основное заглавие Москва Жерара Делабарта
Сведения, относящиеся к заглавию шестнадцать видов Первопрестольной столицы и окрестностей, писанные по заказу Екатерины II и императора Павла I французским живописцем и акварелистом Жераром Делабартом, гравированные и раскрашенные иностранными мастерами
-- [альбом]
Первые сведения об ответственности Я. В. Брук
210 ## - ПУБЛИКАЦИЯ, РАСПРОСТРАНЕНИЕ И ДР.
Место издания, распространения и т.д. Москва
Имя издателя, распространителя и т. д. Искусство-XXI век
Дата издания, распространения и т.д. 2013
215 ## - ФИЗИЧЕСКАЯ ХАРАКТЕРИСТИКА
Специфическое обозначение материала и объем 165, [2] с.
Другие сведения о физической характеристике ил., цв. ил., портр., факс. в футляре
Размеры 31
225 1# - СЕРИЯ
Основное заглавие серии Библиотека Банка Москвы
300 ## - ОБЩИЕ ПРИМЕЧАНИЯ
Текст примечания На обл. авт. не указан
316 ## - ПРИМЕЧАНИЯ ОБ ОСОБЕННОСТЯХ ЭКЗЕМПЛЯРА
Текст примечания С автогр. авт.
Организация и экземпляр, к которому относится поле NLR
320 ## - ПРИМЕЧАНИЯ О НАЛИЧИИ В ДОКУМЕНТЕ БИБЛИОГРАФИИ / УКАЗАТЕЛЯ
Текст примечания Библиогр. в конце кн. и в подстроч. примеч.
333 ## - ПРИМЕЧАНИЯ ОБ ОСОБЕННОСТЯХ РАСПРОСТРАНЕНИЯ И ИСПОЛЬЗОВАНИЯ
Текст примечания 12+
600 #1 - ИМЯ ЛИЦА КАК ПРЕДМЕТ
Начальный элемент ввода Делабарт
Часть имени, кроме начального элемента ввода Ж.
Даты 18 - 19 вв.
Расширение инициалов личного имени Жерар
Формальный подзаголовок Альбомы
Системный номер авторитетной/нормативной записи 2296269
Идентификатор авторитетной/нормативной записи RU\NLR\AUTH\6601601972
607 ## - ГЕОГРАФИЧЕСКОЕ НАИМЕНОВАНИЕ КАК ПРЕДМЕТ
Географическое наименование Москва, город
Формальный подзаголовок Альбомы
Тематический подзаголовок в изобразительном искусстве
Системный номер авторитетной/нормативной записи 1208948
Идентификатор авторитетной/нормативной записи RU\NLR\AUTH\66490548
686 1# - ИНДЕКСЫ ДРУГИХ КЛАССИФИКАЦИЙ
Индекс Щ153(4Фр)5-8Делабарт я61
686 1# - ИНДЕКСЫ ДРУГИХ КЛАССИФИКАЦИЙ
Индекс Щ153(2Р=Рус)5-8Делабарт я61
686 1# - ИНДЕКСЫ ДРУГИХ КЛАССИФИКАЦИЙ
Индекс Щ103(0)-3я61
700 #1 - ИМЯ ЛИЦА - ПЕРВИЧНАЯ ОТВЕТСТВЕННОСТЬ
Начальный элемент ввода Брук
Часть имени, кроме начального элемента ввода Я.В.
Даты 1939-
Расширение инициалов личного имени Яков Владимирович
702 #1 - ИМЯ ЛИЦА - ВТОРИЧНАЯ ОТВЕТСТВЕННОСТЬ
Код отношения Прочие
Графика поля Кириллица
Материалы, к которым относится поле rus
Начальный элемент ввода Делабарт
Часть имени, кроме начального элемента ввода Ж.
Даты 18-19 вв.
Расширение инициалов личного имени Жерар
Системный номер авторитетной/нормативной записи 180272
Идентификатор авторитетной/нормативной записи RU\NLR\AUTH\770180323
942 ## - ДОПОЛНИТЕЛЬНЫЕ ЭЛЕМЕНТЫ ЗАПИСИ (АБИС)
Тип экземпляра АБИС Книга
980 ## - КОЛЛЕКЦИЯ
Название коллекции НБР

Нет доступных экземпляров.